[Event "Boxer mem."]
[Site "Winnipeg CAN"]
[Date "2012.10.21"]
[Round "5"]
[White "Moncal, Nilo"]
[Black "Kaptsan, Aron"]
[Result "1-0"]
[WhiteElo "2105"]
[BlackElo "2087"]
[PlyCount "103"]
[GameId "2160767909411722"]
[EventDate "2012.10.20"]
[EventType "swiss"]
[EventRounds "5"]
[EventCountry "CAN"]
[SourceTitle "EXT 2022"]
[Source "ChessBase"]
[SourceDate "2021.10.06"]
[SourceVersion "1"]
[SourceVersionDate "2021.10.06"]
[SourceQuality "1"]

1. e4 e5 2. Nf3 Nc6 3. Bb5 a6 4. Ba4 Nf6 5. O-O Be7 6. Re1 b5 7. Bb3 d6 8. h3 O-O 9. c3 Nb8 10. d4 Nbd7 11. a4 Bb7 12. Qd3 c6 13. Bg5 Re8 14. Nbd2 Qc7 15. Rac1 Nf8 16. c4 b4 17. Bh4 Ng6 18. Bg3 c5 19. d5 a5 20. Nh2 Nh5 21. Bd1 Nhf4 22. Qf1 Bc8 23. Bg4 Bd7 24. b3 Qc8 25. Bxf4 Bxg4 26. Nxg4 Nxf4 27. g3 Ng6 28. f4 exf4 29. gxf4 f5 30. Ne3 fxe4 31. f5 Nh4 32. Nxe4 Rf8 33. Qf4 Nxf5 34. Nxf5 Rxf5 35. Qg4 Re5 36. Qxc8+ Rxc8 37. Kg2 Bf8 38. Re2 Rce8 39. Rce1 Be7 40. Kf3 Rf8+ 41. Kg2 Re8 42. Ng3 Bf6 43. Rxe5 Rxe5 44. Rxe5 Bxe5 45. Ne4 Kf7 46. Kf3 h5 47. Ng5+ Kf6 48. Ne6 Kf5 49. Nd8 g5 50. Nb7 g4+ 51. hxg4+ hxg4+ 52. Kg2 1-0

[Event "Boxer mem."]
[Site "Winnipeg CAN"]
[Date "2012.10.21"]
[Round "5"]
[White "Pang, Michael"]
[Black "Boron, Anthony"]
[Result "1-0"]
[WhiteElo "1904"]
[BlackElo "2037"]
[PlyCount "81"]
[GameId "2160767909411723"]
[EventDate "2012.10.20"]
[EventType "swiss"]
[EventRounds "5"]
[EventCountry "CAN"]
[SourceTitle "EXT 2022"]
[Source "ChessBase"]
[SourceDate "2021.10.06"]
[SourceVersion "1"]
[SourceVersionDate "2021.10.06"]
[SourceQuality "1"]

1. e4 c5 2. Nf3 e6 3. d4 cxd4 4. Nxd4 Nf6 5. Nc3 Nc6 6. a3 d5 7. Bg5 Be7 8. exd5 Nxd5 9. Bxe7 Qxe7 10. Nxd5 exd5+ 11. Be2 Bg4 12. O-O Bxe2 13. Nxe2 O-O 14. c3 Rfd8 15. Nd4 Nxd4 16. Qxd4 b6 17. Rfe1 Qd6 18. Rad1 Re8 19. g3 Rac8 20. Rxe8+ Rxe8 21. Qxd5 Qg6 22. Kg2 h6 23. Qf3 Qe6 24. Rd3 Qb3 25. Rd2 a5 26. Qd1 Qb5 27. Rd8 Rxd8 28. Qxd8+ Kh7 29. Qd2 g6 30. b4 axb4 31. axb4 Qc6+ 32. Kg1 Qa8 33. Qd4 Qa1+ 34. Kg2 Qa2 35. c4 Qa8+ 36. Qd5 Qxd5+ 37. cxd5 Kg7 38. Kf3 Kf6 39. Ke4 Ke7 40. Kd4 Kd6 41. Kc4 1-0

[Event "Boxer mem."]
[Site "Winnipeg CAN"]
[Date "2012.10.21"]
[Round "5"]
[White "Platt, Alex"]
[Black "Baron, Cody"]
[Result "1-0"]
[WhiteElo "2204"]
[BlackElo "1746"]
[PlyCount "77"]
[GameId "2160767909411724"]
[EventDate "2012.10.20"]
[EventType "swiss"]
[EventRounds "5"]
[EventCountry "CAN"]
[SourceTitle "EXT 2022"]
[Source "ChessBase"]
[SourceDate "2021.10.06"]
[SourceVersion "1"]
[SourceVersionDate "2021.10.06"]
[SourceQuality "1"]

1. e4 e6 2. b3 d5 3. Bb2 c5 4. d4 Nf6 5. Nc3 dxe4 6. dxc5 Qxd1+ 7. Rxd1 Bxc5 8. Nb5 Na6 9. Nd6+ Bxd6 10. Rxd6 Nb8 11. Bc4 O-O 12. Ne2 a6 13. b4 b5 14. Bb3 Bb7 15. O-O Nc6 16. a3 Rad8 17. Rfd1 Rxd6 18. Rxd6 Rd8 19. Rxd8+ Nxd8 20. c4 bxc4 21. Bxc4 Nd7 22. Kf1 Nb6 23. Bb3 Nc6 24. Ke1 Kf8 25. Ng3 Ne7 26. Bd4 Nd7 27. Nf1 Nf5 28. Bc3 Bd5 29. Bd1 Nd6 30. Ne3 Nc4 31. Be2 Nxa3 32. Bxa6 Nb6 33. Bd4 Nbc4 34. Nxc4 Bxc4 35. Bxc4 Nc2+ 36. Kd2 Nxd4 37. b5 e5 38. b6 f5 39. Bd5 1-0

[Event "Boxer mem."]
[Site "Winnipeg CAN"]
[Date "2012.10.21"]
[Round "5"]
[White "Wasserman, Leor"]
[Black "Leaden, Bruce"]
[Result "1-0"]
[WhiteElo "2006"]
[BlackElo "1567"]
[PlyCount "31"]
[GameId "2160767909411726"]
[EventDate "2012.10.20"]
[EventType "swiss"]
[EventRounds "5"]
[EventCountry "CAN"]
[SourceTitle "EXT 2022"]
[Source "ChessBase"]
[SourceDate "2021.10.06"]
[SourceVersion "1"]
[SourceVersionDate "2021.10.06"]
[SourceQuality "1"]

1. e4 c5 2. Nf3 g6 3. d4 cxd4 4. Qxd4 Nf6 5. e5 Nc6 6. Qh4 Nd5 7. Bc4 Nb6 8. Bb3 Bg7 9. Bh6 O-O 10. Ng5 Nxe5 11. Bxg7 Kxg7 12. Qxh7+ Kf6 13. Ne4+ Kf5 14. Qh4 g5 15. Qxg5+ Kxe4 16. Nd2+ 1-0

[Event "British Columbia-ch"]
[Site "Vancouver CAN"]
[Date "2012.10.05"]
[Round "1.1"]
[White "Pechisker, Alfred"]
[Black "Kenney, Jason"]
[Result "1-0"]
[WhiteElo "2243"]
[BlackElo "2243"]
[PlyCount "65"]
[GameId "2160767909411944"]
[EventDate "2012.10.05"]
[EventType "tourn"]
[EventRounds "7"]
[EventCountry "CAN"]
[SourceTitle "EXT 2022"]
[Source "ChessBase"]
[SourceDate "2021.10.06"]
[SourceVersion "1"]
[SourceVersionDate "2021.10.06"]
[SourceQuality "1"]

1. d4 Nf6 2. c4 Nc6 3. Nc3 e5 4. d5 Ne7 5. e4 Ng6 6. Be3 Bb4 7. f3 Qe7 8. Nge2 O-O 9. Qd2 a5 10. a3 Bc5 11. Na4 Bxe3 12. Qxe3 d6 13. c5 Bd7 14. cxd6 Qxd6 15. Nec3 Bxa4 16. Nxa4 c6 17. Nb6 Rad8 18. Nc4 Qc7 19. dxc6 Rd4 20. Rc1 bxc6 21. g3 Rfd8 22. Be2 h5 23. Qc3 h4 24. Nxa5 Rxe4 25. Nxc6 Rxe2+ 26. Kxe2 Re8 27. Rhe1 Qd7 28. Rc2 Nd5 29. Qd2 e4 30. Kd1 e3 31. Qd4 Rc8 32. Nb4 e2+ 33. Kc1 1-0

[Event "British Columbia-ch"]
[Site "Vancouver CAN"]
[Date "2012.10.05"]
[Round "1.2"]
[White "Davies, Lucas"]
[Black "Doknjas, John"]
[Result "1/2-1/2"]
[WhiteElo "2242"]
[BlackElo "1933"]
[PlyCount "69"]
[GameId "2160767909411945"]
[EventDate "2012.10.05"]
[EventType "tourn"]
[EventRounds "7"]
[EventCountry "CAN"]
[SourceTitle "EXT 2022"]
[Source "ChessBase"]
[SourceDate "2021.10.06"]
[SourceVersion "1"]
[SourceVersionDate "2021.10.06"]
[SourceQuality "1"]

1. e4 c5 2. Nc3 d6 3. g3 Nc6 4. Bg2 g6 5. d3 Bg7 6. Be3 e6 7. Qd2 Nf6 8. h3 O-O 9. f4 Qd7 10. Nf3 b6 11. O-O Bb7 12. Bf2 d5 13. e5 Ne8 14. g4 f6 15. exf6 Nxf6 16. Bg3 d4 17. Ne4 Rae8 18. Nxf6+ Bxf6 19. Rae1 Ne7 20. c4 dxc3 21. bxc3 Bxf3 22. Rxf3 Nd5 23. d4 cxd4 24. cxd4 Rd8 25. Rd3 Be7 26. Qe2 Nxf4 27. Bxf4 Rxf4 28. Qxe6+ Qxe6 29. Rxe6 Bc5 30. Re4 Rxe4 31. Bxe4 Rxd4 32. Rxd4 Bxd4+ 33. Kg2 Kf7 34. Kf3 Kf6 35. h4 1/2-1/2

[Event "British Columbia-ch"]
[Site "Vancouver CAN"]
[Date "2012.10.05"]
[Round "1.3"]
[White "Wu, Howard"]
[Black "Villavieja, Butch"]
[Result "1/2-1/2"]
[WhiteElo "2264"]
[BlackElo "2289"]
[PlyCount "95"]
[GameId "2160767909411946"]
[EventDate "2012.10.05"]
[EventType "tourn"]
[EventRounds "7"]
[EventCountry "CAN"]
[SourceTitle "EXT 2022"]
[Source "ChessBase"]
[SourceDate "2021.10.06"]
[SourceVersion "1"]
[SourceVersionDate "2021.10.06"]
[SourceQuality "1"]

1. e4 c5 2. Nf3 d6 3. d4 cxd4 4. Nxd4 Nf6 5. Nc3 a6 6. Bg5 e6 7. f4 Be7 8. Qf3 Qc7 9. O-O-O Nbd7 10. g4 b5 11. Bxf6 Nxf6 12. g5 Nd7 13. f5 Nc5 14. f6 gxf6 15. gxf6 Bf8 16. Bh3 b4 17. Nce2 Bb7 18. Ng3 O-O-O 19. Nb3 Kb8 20. Rhe1 h5 21. Kb1 h4 22. Nf1 d5 23. exd5 Rxd5 24. Rxd5 Bxd5 25. Qg4 Nxb3 26. axb3 Bd6 27. Ne3 Bb7 28. Rd1 Bf4 29. Nc4 Bxh2 30. Qg7 Re8 31. Rd4 Bg3 32. Qh7 a5 33. Qd3 Bd5 34. Ne3 Bc6 35. Bg2 Rc8 36. Rc4 Qb6 37. Bxc6 Rxc6 38. Rxc6 Qxc6 39. Qd8+ Kb7 40. Qxa5 Bd6 41. Qh5 Qe4 42. Qxf7+ Kc6 43. Qe8+ Kc5 44. Qc8+ Kd4 45. Qd8 Kxe3 46. Qxd6 Qh1+ 47. Ka2 Qa8+ 48. Kb1 1/2-1/2

[Event "British Columbia-ch"]
[Site "Vancouver CAN"]
[Date "2012.10.05"]
[Round "1.4"]
[White "Yoos, John"]
[Black "Awatramani, Janak"]
[Result "1/2-1/2"]
[WhiteElo "2393"]
[BlackElo "2241"]
[PlyCount "78"]
[GameId "2160767909411947"]
[EventDate "2012.10.05"]
[EventType "tourn"]
[EventRounds "7"]
[EventCountry "CAN"]
[SourceTitle "EXT 2022"]
[Source "ChessBase"]
[SourceDate "2021.10.06"]
[SourceVersion "1"]
[SourceVersionDate "2021.10.06"]
[SourceQuality "1"]

1. e4 e6 2. d4 b6 3. Nf3 Bb7 4. Bd3 d5 5. e5 Be7 6. O-O c5 7. c3 Nc6 8. Be3 a6 9. Re1 h5 10. Na3 Nh6 11. Nc2 c4 12. Bf1 g5 13. Bc1 Kd7 14. b3 b5 15. Rb1 Kc7 16. Ne3 Rc8 17. a4 g4 18. Nd2 Na5 19. axb5 axb5 20. bxc4 bxc4 21. Qa4 Ra8 22. Qc2 Bc6 23. Ra1 Bb7 24. Ba3 Nc6 25. Qb2 Bxa3 26. Rxa3 Ne7 27. Rea1 Qd7 28. Be2 Nhf5 29. Ndf1 Qc6 30. Nc2 Rxa3 31. Nxa3 Ra8 32. Rb1 Qa6 33. Nb5+ Kc6 34. Bd1 Qa2 35. Qb4 Qa5 36. Ba4 Qxb4 37. Rxb4 Rxa4 38. Rxa4 Kxb5 39. Ra1 Nc6 1/2-1/2

[Event "British Columbia-ch"]
[Site "Vancouver CAN"]
[Date "2012.10.06"]
[Round "2.1"]
[White "Kenney, Jason"]
[Black "Awatramani, Janak"]
[Result "1/2-1/2"]
[WhiteElo "2243"]
[BlackElo "2241"]
[PlyCount "38"]
[GameId "2160767909411948"]
[EventDate "2012.10.05"]
[EventType "tourn"]
[EventRounds "7"]
[EventCountry "CAN"]
[SourceTitle "EXT 2022"]
[Source "ChessBase"]
[SourceDate "2021.10.06"]
[SourceVersion "1"]
[SourceVersionDate "2021.10.06"]
[SourceQuality "1"]

1. d4 e6 2. c4 b6 3. a3 d5 4. Nc3 Nf6 5. Nf3 Bb7 6. cxd5 Nxd5 7. e3 Nd7 8. Bb5 Bd6 9. O-O Nxc3 10. bxc3 Qf6 11. Ne5 Bxe5 12. Bxd7+ Ke7 13. Bb5 Bxh2+ 14. Kxh2 Qg5 15. e4 Qxb5 16. a4 Qd7 17. Ba3+ Ke8 18. Re1 f6 19. Qh5+ Qf7 1/2-1/2

[Event "British Columbia-ch"]
[Site "Vancouver CAN"]
[Date "2012.10.06"]
[Round "2.2"]
[White "Villavieja, Butch"]
[Black "Yoos, John"]
[Result "1-0"]
[WhiteElo "2289"]
[BlackElo "2393"]
[PlyCount "75"]
[GameId "2160767909411949"]
[EventDate "2012.10.05"]
[EventType "tourn"]
[EventRounds "7"]
[EventCountry "CAN"]
[SourceTitle "EXT 2022"]
[Source "ChessBase"]
[SourceDate "2021.10.06"]
[SourceVersion "1"]
[SourceVersionDate "2021.10.06"]
[SourceQuality "1"]

1. e4 c5 2. Nf3 d6 3. d4 cxd4 4. Nxd4 Nf6 5. Nc3 Nc6 6. Bg5 a6 7. Qd2 Qb6 8. Nb3 e6 9. f3 Qc7 10. O-O-O Bd7 11. Kb1 Be7 12. g4 Ne5 13. Qf2 b5 14. Be3 b4 15. Ne2 Bb5 16. Nbd4 Nc4 17. Bc1 O-O 18. h4 Rfc8 19. Ng3 d5 20. g5 Ne8 21. exd5 exd5 22. Ngf5 Bc5 23. Qh2 Qb6 24. h5 Ra7 25. g6 Na3+ 26. bxa3 Bxf1 27. gxh7+ Kxh7 28. Rhxf1 bxa3+ 29. Nb3 a5 30. Rxd5 a4 31. Rfd1 axb3 32. cxb3 Rac7 33. Bf4 Bb4 34. Bxc7 Nxc7 35. Qe5 f6 36. Qg3 Ne6 37. Qg6+ Kh8 38. h6 1-0

[Event "British Columbia-ch"]
[Site "Vancouver CAN"]
[Date "2012.10.06"]
[Round "2.3"]
[White "Doknjas, John"]
[Black "Wu, Howard"]
[Result "0-1"]
[WhiteElo "1933"]
[BlackElo "2264"]
[PlyCount "60"]
[GameId "2160767909411950"]
[EventDate "2012.10.05"]
[EventType "tourn"]
[EventRounds "7"]
[EventCountry "CAN"]
[SourceTitle "EXT 2022"]
[Source "ChessBase"]
[SourceDate "2021.10.06"]
[SourceVersion "1"]
[SourceVersionDate "2021.10.06"]
[SourceQuality "1"]

1. d4 Nf6 2. c4 c5 3. d5 b5 4. cxb5 a6 5. bxa6 Bxa6 6. Nc3 g6 7. f4 d6 8. e4 Bxf1 9. Kxf1 Bg7 10. g3 O-O 11. Kg2 Nbd7 12. Nf3 Qa5 13. Qe2 Nb6 14. Rb1 Na4 15. Bd2 Nxc3 16. Bxc3 Qxa2 17. Ra1 Qb3 18. Nd2 Qb7 19. Qc4 Ng4 20. Kf3 Nxh2+ 21. Kg2 Ng4 22. Kf3 Bxc3 23. bxc3 Qb2 24. Rad1 h5 25. Qb3 Qxb3 26. Nxb3 Ra3 27. Rb1 Rb8 28. Nd2 Rxc3+ 29. Kg2 Rxb1 30. Rxb1 Rc2 0-1

[Event "British Columbia-ch"]
[Site "Vancouver CAN"]
[Date "2012.10.06"]
[Round "2.4"]
[White "Pechisker, Alfred"]
[Black "Davies, Lucas"]
[Result "1/2-1/2"]
[WhiteElo "2243"]
[BlackElo "2242"]
[PlyCount "74"]
[GameId "2160767909411951"]
[EventDate "2012.10.05"]
[EventType "tourn"]
[EventRounds "7"]
[EventCountry "CAN"]
[SourceTitle "EXT 2022"]
[Source "ChessBase"]
[SourceDate "2021.10.06"]
[SourceVersion "1"]
[SourceVersionDate "2021.10.06"]
[SourceQuality "1"]

1. d4 Nf6 2. c4 g6 3. Nc3 Bg7 4. e4 d6 5. f3 O-O 6. Bg5 Nc6 7. Nge2 a6 8. d5 Ne5 9. Nd4 c5 10. Nc2 h6 11. Be3 Ne8 12. Be2 f5 13. Qd2 Kh7 14. f4 Nf7 15. exf5 Bxf5 16. g4 Bd7 17. h4 Qc8 18. h5 gxh5 19. g5 hxg5 20. Bxh5 Kg8 21. fxg5 Ne5 22. O-O-O Bg4 23. Bxg4 Qxg4 24. b3 Qf5 25. Qe2 b5 26. Rdf1 Qd3 27. Rxf8+ Kxf8 28. Rf1+ Kg8 29. Qxd3 Nxd3+ 30. Kd2 bxc4 31. bxc4 Ne5 32. Rf4 Nc7 33. Ne1 Rf8 34. Re4 Na8 35. Nd3 Nf3+ 36. Kc2 Nb6 37. Ne2 Rf5 1/2-1/2

[Event "British Columbia-ch"]
[Site "Vancouver CAN"]
[Date "2012.10.06"]
[Round "3.1"]
[White "Davies, Lucas"]
[Black "Kenney, Jason"]
[Result "0-1"]
[WhiteElo "2242"]
[BlackElo "2243"]
[PlyCount "110"]
[GameId "2160767909411952"]
[EventDate "2012.10.05"]
[EventType "tourn"]
[EventRounds "7"]
[EventCountry "CAN"]
[SourceTitle "EXT 2022"]
[Source "ChessBase"]
[SourceDate "2021.10.06"]
[SourceVersion "1"]
[SourceVersionDate "2021.10.06"]
[SourceQuality "1"]

1. e4 c5 2. Nc3 Nc6 3. g3 g6 4. Bg2 Bg7 5. d3 d6 6. Be3 Nf6 7. h3 O-O 8. f4 Nd4 9. Qd2 e5 10. Nge2 Nh5 11. O-O exf4 12. gxf4 Nxe2+ 13. Nxe2 Bxb2 14. Rab1 Bg7 15. d4 Rb8 16. dxc5 dxc5 17. Qxd8 Rxd8 18. Bxc5 b6 19. Be3 Ba6 20. Rf2 Rbc8 21. Bf3 Rxc2 22. Bxh5 gxh5 23. Ng3 Rxf2 24. Kxf2 Bd4 25. Rb3 Bc4 26. Ra3 a5 27. Nxh5 Bb2 28. Ra4 Bb5 29. Bxb6 Rd2+ 30. Ke1 Re2+ 31. Kd1 Rh2 32. Rxa5 Be2+ 33. Kc2 Bxh5+ 34. Kb3 Bd1+ 35. Kc4 Rxh3 36. a4 Rc3+ 37. Kd5 Rc8 38. Kd6 Bf3 39. Rg5+ Kh8 40. Ke7 Bxe4 41. Kxf7 Bg6+ 42. Ke7 Rc6 43. Rb5 Ba3+ 44. Kd7 Rd6+ 45. Kc7 Be8 46. Re5 Bxa4 47. Re4 Rd7+ 48. Kc8 Bc6 49. Re3 Bf8 50. Rc3 Ba4 51. Bc7 Rf7 52. Rg3 h5 53. Rg5 Bd7+ 54. Kb7 Bg4 55. Kc6 Bh6 0-1

[Event "British Columbia-ch"]
[Site "Vancouver CAN"]
[Date "2012.10.06"]
[Round "3.2"]
[White "Wu, Howard"]
[Black "Pechisker, Alfred"]
[Result "1-0"]
[WhiteElo "2264"]
[BlackElo "2243"]
[PlyCount "91"]
[GameId "2160767909411953"]
[EventDate "2012.10.05"]
[EventType "tourn"]
[EventRounds "7"]
[EventCountry "CAN"]
[SourceTitle "EXT 2022"]
[Source "ChessBase"]
[SourceDate "2021.10.06"]
[SourceVersion "1"]
[SourceVersionDate "2021.10.06"]
[SourceQuality "1"]

1. e4 g6 2. d4 Bg7 3. Nf3 d6 4. Nc3 e6 5. Bg5 Ne7 6. Be2 h6 7. Be3 Nd7 8. O-O O-O 9. Qd2 Kh7 10. Rad1 f5 11. Bg5 Nf6 12. Bxf6 Bxf6 13. e5 Bg7 14. exd6 cxd6 15. Bc4 g5 16. Qe3 Rf6 17. Bb3 Ng6 18. Ne5 Qc7 19. Nxg6 Rxg6 20. f4 Bd7 21. Kh1 Re8 22. Qd2 Qa5 23. Qf2 b5 24. Ne2 b4 25. d5 e5 26. fxe5 Rxe5 27. Nd4 Qc5 28. Ne6 Qxf2 29. Rxf2 a5 30. Bc4 Kg8 31. b3 f4 32. Nd8 Kf8 33. g3 Rf6 34. gxf4 gxf4 35. Ne6+ Bxe6 36. dxe6 Ke7 37. Rfd2 Rfxe6 38. Bxe6 Rxe6 39. Kg2 Bc3 40. Rf2 Be5 41. Kf3 Kd7 42. Rd5 Kc6 43. Rxa5 Bd4 44. Re2 Be3 45. a3 Kb6 46. axb4 1-0

[Event "British Columbia-ch"]
[Site "Vancouver CAN"]
[Date "2012.10.06"]
[Round "3.3"]
[White "Yoos, John"]
[Black "Doknjas, John"]
[Result "0-1"]
[WhiteElo "2393"]
[BlackElo "1933"]
[PlyCount "104"]
[GameId "2160767909411954"]
[EventDate "2012.10.05"]
[EventType "tourn"]
[EventRounds "7"]
[EventCountry "CAN"]
[SourceTitle "EXT 2022"]
[Source "ChessBase"]
[SourceDate "2021.10.06"]
[SourceVersion "1"]
[SourceVersionDate "2021.10.06"]
[SourceQuality "1"]

1. e4 c5 2. Nf3 d6 3. d4 cxd4 4. Nxd4 Nf6 5. Nc3 a6 6. Bc4 e6 7. Bb3 b5 8. O-O Be7 9. Qf3 Qb6 10. Be3 Qb7 11. Qg3 Nbd7 12. Rad1 O-O 13. Bh6 Nh5 14. Qh3 Nhf6 15. Nxe6 Ne5 16. Bxg7 Bxe6 17. Bxe6 Kxg7 18. Bf5 Ng6 19. a3 b4 20. axb4 Qxb4 21. g4 h6 22. Rb1 Qd4 23. Rbd1 Qe5 24. Bxg6 fxg6 25. f4 Qe6 26. f5 Qe5 27. Qf3 g5 28. Rfe1 Rab8 29. b3 Rbc8 30. Rd3 d5 31. Nxd5 Rxc2 32. Re2 Bc5+ 33. Kg2 Rxe2+ 34. Qxe2 Re8 35. Nxf6 Kxf6 36. Rd7 Qxe4+ 37. Qxe4 Rxe4 38. h3 Re2+ 39. Kf1 Rf2+ 40. Ke1 Rb2 41. Kd1 Rxb3 42. Rc7 Bf8 43. Rc6+ Kf7 44. Rxa6 Rxh3 45. Ke2 Rg3 46. Ra4 Rb3 47. Ra6 Rb4 48. Kf3 Rf4+ 49. Kg3 Rd4 50. Ra7+ Kf6 51. Kh3 Bd6 52. Rh7 Rd2 0-1

[Event "British Columbia-ch"]
[Site "Vancouver CAN"]
[Date "2012.10.06"]
[Round "3.4"]
[White "Awatramani, Janak"]
[Black "Villavieja, Butch"]
[Result "0-1"]
[WhiteElo "2241"]
[BlackElo "2289"]
[PlyCount "68"]
[GameId "2160767909411955"]
[EventDate "2012.10.05"]
[EventType "tourn"]
[EventRounds "7"]
[EventCountry "CAN"]
[SourceTitle "EXT 2022"]
[Source "ChessBase"]
[SourceDate "2021.10.06"]
[SourceVersion "1"]
[SourceVersionDate "2021.10.06"]
[SourceQuality "1"]

1. g3 e5 2. Bg2 d5 3. d3 Nc6 4. Nc3 Nf6 5. e4 Be6 6. Bg5 dxe4 7. Nxe4 Be7 8. Nxf6+ Bxf6 9. Bxf6 Qxf6 10. Bxc6+ bxc6 11. Qf3 Qxf3 12. Nxf3 Bd5 13. Ke2 Rb8 14. b3 O-O 15. c4 Bxf3+ 16. Kxf3 Rbd8 17. Rad1 Rd4 18. Rhe1 f6 19. Re4 Rd7 20. Ke3 c5 21. f4 exf4+ 22. Rxf4 Rfd8 23. Rf5 Re8+ 24. Kf3 Rde7 25. Rxc5 Re2 26. Rxc7 h5 27. g4 g5 28. gxh5 f5 29. Rc8 g4+ 30. Kf4 Rxc8 31. d4 Rxh2 32. Kxf5 g3 33. Kf4 g2 34. Rg1 Kf7 0-1

[Event "British Columbia-ch"]
[Site "Vancouver CAN"]
[Date "2012.10.07"]
[Round "4.1"]
[White "Kenney, Jason"]
[Black "Villavieja, Butch"]
[Result "1-0"]
[WhiteElo "2243"]
[BlackElo "2289"]
[PlyCount "133"]
[GameId "2160767909411956"]
[EventDate "2012.10.05"]
[EventType "tourn"]
[EventRounds "7"]
[EventCountry "CAN"]
[SourceTitle "EXT 2022"]
[Source "ChessBase"]
[SourceDate "2021.10.06"]
[SourceVersion "1"]
[SourceVersionDate "2021.10.06"]
[SourceQuality "1"]

1. d4 Nf6 2. c4 e6 3. Nc3 Bb4 4. e3 O-O 5. Bd3 d5 6. a3 Bxc3+ 7. bxc3 c5 8. cxd5 exd5 9. Ne2 b6 10. O-O Nc6 11. Ng3 Re8 12. f3 g6 13. Ra2 h5 14. Raf2 h4 15. Ne2 Qd6 16. Qc2 Nh5 17. Qb1 Re7 18. e4 cxd4 19. cxd4 dxe4 20. fxe4 Nxd4 21. e5 Nxe2+ 22. Bxe2 Qxe5 23. Bb2 Qg5 24. Qd1 Rd7 25. Qb3 Bb7 26. Qc3 f6 27. Bxh5 gxh5 28. Qh3 Qg4 29. Qxg4+ hxg4 30. Rxf6 Rad8 31. Rh6 Rd4 32. Bxd4 Rxd4 33. Rxh4 Bc8 34. h3 Rd3 35. hxg4 Rxa3 36. Rh5 Be6 37. Re5 Bc4 38. Rg5+ Kh7 39. Rf3 Ra1+ 40. Kh2 Kh6 41. Re5 Kg6 42. g5 Ra2 43. Kg3 b5 44. Rf6+ Kg7 45. Re7+ Kg8 46. Rc6 Kf8 47. Rb7 Rxg2+ 48. Kxg2 Bd5+ 49. Kg3 Bxc6 50. Rxa7 b4 51. Rc7 Bd5 52. Rc8+ Ke7 53. Rb8 b3 54. Kf4 Kd6 55. g6 Kc7 56. Rb4 Kc6 57. g7 Kc5 58. Rb8 Kc4 59. Ke3 Kc3 60. Rc8+ Kb2 61. Kd2 Be6 62. g8=Q Bxg8 63. Rxg8 Ka1 64. Rg1+ Ka2 65. Kc3 b2 66. Kc2 Ka3 67. Rb1 1-0

[Event "British Columbia-ch"]
[Site "Vancouver CAN"]
[Date "2012.10.07"]
[Round "4.2"]
[White "Doknjas, John"]
[Black "Awatramani, Janak"]
[Result "1/2-1/2"]
[WhiteElo "1933"]
[BlackElo "2241"]
[PlyCount "69"]
[GameId "2160767909411957"]
[EventDate "2012.10.05"]
[EventType "tourn"]
[EventRounds "7"]
[EventCountry "CAN"]
[SourceTitle "EXT 2022"]
[Source "ChessBase"]
[SourceDate "2021.10.06"]
[SourceVersion "1"]
[SourceVersionDate "2021.10.06"]
[SourceQuality "1"]

1. d4 e6 2. c4 Nf6 3. Nc3 d5 4. Bg5 Be7 5. Nf3 b6 6. cxd5 exd5 7. e3 O-O 8. Bd3 Bb7 9. O-O Nbd7 10. Rc1 c5 11. Bf5 c4 12. Ne5 g6 13. Bh3 a6 14. f4 b5 15. Qf3 Kg7 16. Bxd7 Nxd7 17. Qh3 Bxg5 18. Qxd7 Qxd7 19. Nxd7 Bf6 20. Nxf8 Rxf8 21. b4 Bc6 22. Ra1 Be7 23. Rfb1 a5 24. a3 Ra8 25. Ra2 Bd6 26. Kf2 f6 27. g3 Kf7 28. e4 dxe4 29. d5 Bd7 30. Nxe4 Bf8 31. Rd2 Bf5 32. Rd4 axb4 33. axb4 Ra2+ 34. Ke3 Ra3+ 35. Kf2 1/2-1/2

[Event "British Columbia-ch"]
[Site "Vancouver CAN"]
[Date "2012.10.07"]
[Round "4.3"]
[White "Pechisker, Alfred"]
[Black "Yoos, John"]
[Result "1/2-1/2"]
[WhiteElo "2243"]
[BlackElo "2393"]
[PlyCount "93"]
[GameId "2160767909411958"]
[EventDate "2012.10.05"]
[EventType "tourn"]
[EventRounds "7"]
[EventCountry "CAN"]
[SourceTitle "EXT 2022"]
[Source "ChessBase"]
[SourceDate "2021.10.06"]
[SourceVersion "1"]
[SourceVersionDate "2021.10.06"]
[SourceQuality "1"]

1. d4 Nf6 2. c4 g6 3. Nc3 Bg7 4. e4 d6 5. f3 O-O 6. Be3 Nc6 7. Nge2 a6 8. Rb1 a5 9. a3 e6 10. g4 Nd7 11. g5 e5 12. d5 Nd4 13. Bg2 f5 14. h4 Nxe2 15. Qxe2 Rf7 16. Kd2 Nc5 17. b4 axb4 18. axb4 Na4 19. Ra1 Nxc3 20. Kxc3 Bd7 21. Ra2 c6 22. Rha1 Rc8 23. Kb3 f4 24. Bf2 h6 25. gxh6 Bxh6 26. Ra7 Rb8 27. Qf1 Bf8 28. Bh3 cxd5 29. cxd5 Bxh3 30. Qxh3 Qc7 31. Qf1 Rc8 32. Qd3 Qd7 33. b5 Qh3 34. b6 Qd7 35. Ra8 Be7 36. Rxc8+ Qxc8 37. Qf1 Bd8 38. Qg2 Kh7 39. Rg1 Rg7 40. h5 g5 41. Qg4 Qd7 42. Kb4 Kh6 43. Rc1 Qxg4 44. fxg4 Rd7 45. Rc8 Kg7 46. Kb5 Kf8 47. Kc4 1/2-1/2

[Event "British Columbia-ch"]
[Site "Vancouver CAN"]
[Date "2012.10.07"]
[Round "4.4"]
[White "Davies, Lucas"]
[Black "Wu, Howard"]
[Result "1/2-1/2"]
[WhiteElo "2242"]
[BlackElo "2264"]
[PlyCount "35"]
[GameId "2160767909411959"]
[EventDate "2012.10.05"]
[EventType "tourn"]
[EventRounds "7"]
[EventCountry "CAN"]
[SourceTitle "EXT 2022"]
[Source "ChessBase"]
[SourceDate "2021.10.06"]
[SourceVersion "1"]
[SourceVersionDate "2021.10.06"]
[SourceQuality "1"]

1. e4 c5 2. Nc3 Nc6 3. g3 g6 4. Bg2 Bg7 5. d3 d6 6. Be3 e5 7. Nd5 Nf6 8. Nxf6+ Bxf6 9. Ne2 Qb6 10. Rb1 Be6 11. Nc3 Nd4 12. O-O Bg7 13. Qd2 O-O 14. f4 exf4 15. Bxf4 Rac8 16. Kh1 Rfe8 17. Rf2 a6 18. Nd5 1/2-1/2